000 00555nam a2200181Ia 4500
003 GCL
008 140319s9999 xx 000 0 ara d
040 _aGCL /
_cGCL
082 0 4 _a414
_bع ب
100 1 _aعلى عشرى زايد
245 1 0 _aالبلاغة العربية: تاريخها- مصادرها- مناهجها /
_cعلى عشرى زايد
260 _a[S.N] :
_bمكتبة الشباب ،
_c1982
300 _a231 ص
490 _a
650 0 4 _aاللغة العربية
650 0 4 _aالبلاغة العربية
942 _2ddc
_cBK
999 _c53559
_d53559